000 04584nam a22012374i 4500
003 PE-LiUPU
005 20250813185427.0
008 190115s2014 sp a rb 000 0 spa d
020 _a843683139X
020 _a9788436831399
035 _a(Sirsi) a251359
040 _aSUE
_bspa
_cSUE
_dPE-LiUPU
_erda
049 _aPRUA
082 0 4 _a371.926
_bG22
_221
100 1 _aGarcía Sánchez, Jesús Nicasio,
_eautor.
245 0 0 _aPrevención en dificultades del desarrollo y del aprendizaje /
_cJesús Nicasio García Sánchez ; [y otros veinte].
264 1 _aMadrid :
_bPirámide,
_c2014.
300 _a269 páginas :
_bilustraciones;
_c24 centímetros.
336 _atext
_2rdacontent
337 _aunmediated
_2rdamedia
338 _avolume
_2rdacarrier
490 0 _aPsicología
504 _aBibliografía: al final de cada capítulo.
505 0 _aDificultades del desarrollo. Prevención y actuación -- las dificultades del desarrollo desde un enfoque integral -- medidas educativas para afrontar las dificultades del desarrollo -- introducción al programa TEACCH: filosofía y servicios -- dificultades y precisiones en relación con el diagnóstico del trastorno específico del lenguaje -- intervención temprana en el hogar para niños y niñas con retraso en el lenguaje -- trastorno por déficit de atención con hiperactividad: etapa de educación infantil -- trastorno por déficit de atención con hiperactividad: etapa de educación prima -- dificultades del desarrollo asociadas a déficit auditivo y actuaciones preventivas -- dificultades de aprendizajes. Prevención y actuación -- las dificultades específicas de aprendizaje. Prevención y actuación -- las dificultades específicas de aprendizaje. Prevención y actuación -- prevención de las dificultades en el aprendizaje de la lectura -- definición, prevención y diagnóstico de la dificultad de aprendizaje en lectura -- dificultades en la lectura. Conceptualización, evaluación e intervención -- comprensión de textos. Dificultades, evaluación y ayudas -- inicios de la estructura. Prevención y actuación -- dificultades de aprendizaje en las matemáticas. Prevención y actuación -- dificultades por diferencias lingüísticas y culturales. Prevención y actuación -- estilos de relación interpersonal en la convivencia escolar.
526 _aP202
526 _aP201
526 _aP163
526 _aP162
526 _aP161
526 _aP160
526 _aP148
526 _aP147
526 _aP146
526 _aP145
526 _aP144
526 _aP143
526 _aP142
526 _aP141
526 _aP140
526 _aP139
526 _aP138
526 _aP137
526 _aP136
526 _aP135
526 _aP134
526 _aP133
526 _aP129
526 _aP128
526 _aP127
526 _aP120
526 _aP119
526 _aP118
526 _aP116
526 _aP115
526 _aP114
526 _aP110
526 _aP109
526 _aP108
526 _aP104
526 _aP103
526 _aP102
526 _aP99
526 _aP98
526 _aP97
526 _aP96
526 _aP95
526 _aP93
526 _aP90
526 _aP89
526 _aP88
526 _aP83
526 _aP82
526 _aP62
526 _aP59
526 _aP58
526 _aP57
526 _aP51
526 _aP49
526 _aP48
526 _aP47
526 _aP29
526 _aP24
526 _aP20
526 _aP19
526 _aP17
526 _aP15
526 _aP14
526 _aP12
526 _aP10
526 _aP09
526 _aP08
526 _aP07
526 _aP06
526 _aP05
526 _aP04
526 _aP01
541 _g002-00000796;
650 0 7 _aNiños con trastornos del desarrollo
_2embne.
650 0 7 _aDificultades de aprendizaje
_xDiagnosis
_2fast
_0(OCoLC)fst00994893.
910 _adbm
_bksl
_cksl
_d20190115
942 _2ddc
_cBOOK
994 _aC0
_bPEPRU
596 _a1
999 _a371.926 G22
_wDEWEY
_c30774
_i79790
_d30774
_e2019-9-10
_f2021-11-8
_g5
_lCCODEBUL1
_mBUL
_n1
_p56.53
_r0
_sY
_tBOOK
_u2019-1-15
_xEDUCACION
_PP33
_0COMPRA
_1FCOMPR2
_o.STAFF. Colección Ciencias de la Salud
999 _a371.926 G22
_wDEWEY
_c2
_i79791
_f2021-11-8
_g5
_lCCODEBUL1
_mBUL
_p56.53
_r0
_sY
_tBOOK
_u2019-1-15
_xEDUCACION
_PP33
_0COMPRA
_1FCOMPR2
_o.STAFF. Colección Ciencias de la Salud
980 _81
_gALBERTO SANCHEZ Responsable de Automatización